00344nam a2200133 a 450008200160000010000230001624500180003926000390005730000090009650000350010550500210014065000260016170000230018700a304.66bMAU aMaududi, Abul A`La aBirth Control aLahorebIslamic Publicationsc1976 a182p aincludes index and biblioraphy2 abibl, Ref. Index aFamily-Planning Islam1 aMaududi, Abul A`La